Culture Générale - Série 22 - Statistiques

Statistiques générales
  • Ce quiz a été pris 3 561 fois
  • Le résultat moyen est 7 sur 10
Statistiques - réponses
Question Réponse % Correct
En France, quel est l’âge minimal pour pouvoir être élu conseiller municipal ? 18 ans
97%
Quel est le pays d'origine des Aztèques? Mexique
91%
Quelle est la capitale du Pérou ? Lima
87%
En quelle année François Mitterrand a-t-il été élu président de la République française ? 1981
86%
A quelle déesse de la mythologie grecque était dédié le temple du Parthénon ? Athena
86%
Quel est l'autre nom de la confédération helvétique ? Suisse
65%
Contre quel pays le Royaume-Uni est-il entré en guerre en 1982 pour la souveraineté sur les îles Malouines ? Argentine
60%
Qui a écrit "La chartreuse de Parme" ? Stendhal
38%
Qui a écrit les "Raisins de la Colère » ? John Steinbeck
36%
Qui a écrit " Le hussard sur le toit " ? Jean Giono
17%
Aucun quiz correspondant
Distribution des résultats
% des personnes avec chaque résultat
Percentile par nombre de réponses
Votre historique - résultats
Vous n’avez pas pris ce quiz